الإشراف التربوي : (رقم التسجيلة. 80667)
[ عرض عادي ]
| 000 -الفاتح | |
|---|---|
| حقل البيانات ثابتة الطول | 00868nam a22002297a 4500 |
| 003 - محدد رقم الضبط | |
| رقم الضبط | OSt |
| 005 - وقت وتاريخ اخر تعامل مع التسجيلة | |
| رقم الضبط | 20220705101427.0 |
| 008 - عناصر البيانات ثابتة الطول - معلومات عامة | |
| حقل البيانات ثابتة الطول | 140212s2015 jo a g b 00| 0 ara d |
| 020 ## - الرقم الدولى المعيارى للكتب | |
| الرقم الدولى المعيارى للكتاب | 9789957501327 |
| 040 ## - مصدر الفهرسة | |
| وكالة الفهرسة الأصلية | Ma-Un |
| وكالة النسخ | Ma-Un |
| 082 04 - رقم تصنيف ديوى العشرى | |
| رقم التصنيف | 371.422 |
| رقم المادة | ل ن إ |
| رقم الطبعة | 21 |
| 100 1# - المدخل الرئيسى - إسم شخصى | |
| الإسم الشخصى | لهلوب، ناريمان يونس |
| 245 ## - بيان العنوان | |
| العنوان | الإشراف التربوي : |
| بقية العنوان | درجة فاعليته في المدارس / |
| بيان المسئوليه,etc | ناريمان يونس لهلوب. |
| 250 ## - بيان الطبعة | |
| بيان الطبعة | ط. 1. |
| 260 ## - PUBLICATION, DISTRIBUTION, ETC. (IMPRINT) | |
| مكان الناشر او الموزع | عمان، الأردن : |
| اسم الناشر او الموزع | دار الخليج للنشر والتوزيع، |
| تاريخ النشر أو التوزيع | 2015 |
| تاريخ النشر هجري | 1436 |
| 300 ## - الوصف المادى | |
| التعداد | 238 ص. ؛ |
| أبعاد الوعاء | 24 سم. |
| 504 ## - تبصرة ببليوجرافية | |
| تبصرة ببليوجرافية,الخ | يشتمل على قائمة ببليوجرافية. |
| 650 #7 - المدخل الاضافى بالموضوع-مصطلح موضوعى | |
| مصطلح موضوعي أو اسم جغرافي كعنصر مدخل | الإشراف التربوي |
| 650 #7 - المدخل الاضافى بالموضوع-مصطلح موضوعى | |
| مصطلح موضوعي أو اسم جغرافي كعنصر مدخل | الإدارة التعليمية |
| 650 #7 - المدخل الاضافى بالموضوع-مصطلح موضوعى | |
| مصطلح موضوعي أو اسم جغرافي كعنصر مدخل | الإدارة التربوية |
| 952 ## - LOCATION AND ITEM INFORMATION (KOHA) | |
| نوع المادة فى نظام كوها | كتاب |
| 952 ## - LOCATION AND ITEM INFORMATION (KOHA) | |
| نوع المادة فى نظام كوها | كتاب |
| 952 ## - LOCATION AND ITEM INFORMATION (KOHA) | |
| نوع المادة فى نظام كوها | كتاب |
| 952 ## - LOCATION AND ITEM INFORMATION (KOHA) | |
| نوع المادة فى نظام كوها | كتاب |
| 952 ## - LOCATION AND ITEM INFORMATION (KOHA) | |
| نوع المادة فى نظام كوها | كتاب |
| 952 ## - LOCATION AND ITEM INFORMATION (KOHA) | |
| نوع المادة فى نظام كوها | كتاب |
| 952 ## - LOCATION AND ITEM INFORMATION (KOHA) | |
| نوع المادة فى نظام كوها | كتاب |
| 942 ## - | |
| -- | ddc |
| -- | BOOK |
| حالة الفقد | نموذج السعر الفعال | حالة تلف | ليس للاعارة | تاريخ الاكتساب | رقم الطلب | تاريخ الاكتساب | الموقع الحالي | الباركود | الفرع الرئيسي | Date last seen | مصدر التصنيف او خطة الترفيف | Total Checkouts |
|---|---|---|---|---|---|---|---|---|---|---|---|---|
| 2022-07-13 | Not For Loan | 2022-07-13 | 371.422 ل ن إ | 2022-07-13 | CL | 00179400 | المكتبة المركزية بالمجمعة (CL) | 2022-07-13 | Dewey Decimal Classification | |||
| 2022-07-13 | 2022-07-13 | 371.422 ل ن إ | 2022-07-13 | CL | 00179401 | المكتبة المركزية بالمجمعة (CL) | 2022-07-13 | Dewey Decimal Classification | ||||
| 2022-07-13 | 2022-07-13 | 371.422 ل ن إ | 2022-07-13 | CL | 00179402 | المكتبة المركزية بالمجمعة (CL) | 2022-07-13 | Dewey Decimal Classification | ||||
| 2022-07-13 | Not For Loan | 2022-07-13 | 371.422 ل ن إ | 2022-07-13 | EMF | 00179405 | مكتبة مجمع الطالبات بالمجمعة (EMF) | 2022-07-13 | Dewey Decimal Classification | |||
| 2022-07-13 | 2022-07-13 | 371.422 ل ن إ | 2022-07-13 | EMF | 00179406 | مكتبة مجمع الطالبات بالمجمعة (EMF) | 2022-07-13 | Dewey Decimal Classification | ||||
| 2022-07-13 | Not For Loan | 2022-07-13 | 371.422 ل ن إ | 2022-07-13 | EZF | 00179403 | مكتبة كلية التربية بالزلفى - طالبات (EZF) | 2022-07-13 | Dewey Decimal Classification | |||
| 2022-07-13 | 2022-07-13 | 371.422 ل ن إ | 2022-07-13 | EZF | 00179404 | مكتبة كلية التربية بالزلفى - طالبات (EZF) | 2022-07-13 | Dewey Decimal Classification |
